000 00719nam a2200181Ia 4500
008 090124s9999 xx 000 0 und d
082 _b45466
100 _aढसाळ नामदेव लक्ष्मण
245 _a मी भयंकराच्या दरवाजात उभा आहे !
250 _a1
260 _c2007
300 _a324
600 _aढसाळ नामदेव लक्ष्मण
630 _a मी भयंकराच्या दरवाजात उभा आहे !
700 _aढसाळ नामदेव लक्ष्मण
730 _a मी भयंकराच्या दरवाजात उभा आहे !
942 _cBOOK
999 _c111674
_d111674